[Event "Hastings Masters 2017-18"]
[Site "Hastings ENG"]
[Date "2017.12.28"]
[Round "1.31"]
[White "Ahluwalia, Amardip"]
[Black "Howell, Oliver W"]
[Result "1-0"]
[WhiteElo "2004"]
[BlackElo "1765"]
[WhiteFideId "437085"]
[BlackFideId "435929"]
[EventDate "2017.12.28"]

1. e4 e6 2. d4 d5 3. Nc3 Bb4 4. exd5 exd5 5. Bd3 Nc6 6. Ne2 Nge7 7. O-O Bf5 8.
a3 Ba5 9. Bg5 f6 10. Be3 Qd7 11. b4 Bb6 12. Na4 O-O 13. Nc5 Bxc5 14. dxc5 Bxd3
15. Qxd3 Ne5 16. Qb3 Nf5 17. Rad1 Nxe3 18. fxe3 c6 19. e4 Kh8 20. exd5 cxd5 21.
Rxd5 Qb5 22. Nf4 Rfd8 23. Rfd1 Rxd5 24. Qxd5 Re8 25. h3 Nc4 26. Qf7 Ne5 27. Qb3
a5 28. c3 a4 29. Qd5 Qc4 30. Qxc4 Nxc4 31. Rd7 g5 32. Nd5 Re1+ 33. Kf2 Rd1 34.
Nxf6 Rxd7 35. Nxd7 Kg7 36. Nb6 Nxa3 37. Nxa4 Nc4 38. Nb6 Ne5 39. Nc8 Nc4 40. Nd6 1-0

[Event "Hastings Masters 2017-18"]
[Site "Hastings ENG"]
[Date "2017.12.29"]
[Round "2.30"]
[White "Verma, Aditya"]
[Black "Wilson, Matthew R"]
[Result "1-0"]
[WhiteElo "2069"]
[BlackElo "1782"]
[WhiteFideId "426202"]
[BlackFideId "423459"]
[EventDate "2017.12.28"]

1. e4 c5 2. Nf3 e6 3. d4 cxd4 4. Nxd4 a6 5. Nc3 Qc7 6. g3 Bb4 7. Ne2 Nf6 8. Bg2
Be7 9. O-O O-O 10. h3 Nc6 11. g4 d6 12. a4 b6 13. Be3 Bb7 14. f4 Rad8 15. g5 Nd7
16. Qe1 Nb4 17. Nd4 d5 18. exd5 Nxd5 19. Nxd5 Bxd5 20. Bxd5 exd5 21. Nf5 Rfe8
22. Bd4 Bf8 23. Qc3 Qxc3 24. Bxc3 Nc5 25. Bd4 Re4 26. b3 Rde8 27. Rad1 Ne6 28.
Bxb6 Nxf4 29. Rf3 Ne2+ 30. Kf2 Nf4 31. Kf1 Nh5 32. Kg1 Re2 33. Rf2 Re1+ 34. Rxe1
Rxe1+ 35. Kg2 Re4 36. Ng3 Nxg3 37. Kxg3 Bd6+ 38. Kg2 Re5 39. Bd8 Bc5 40. Rd2 d4
41. b4 Ba7 42. Kf3 h6 43. gxh6 gxh6 44. Rd3 Rf5+ 45. Ke4 Rf2 46. b5 axb5 47.
axb5 Rxc2 48. b6 Bb8 49. Rxd4 Kf8 50. Bf6 Rc8 51. Kd5 Re8 52. Rc4 Kg8 53. Rg4+
Kh7 54. Rg7+ Kh8 55. Rxf7+ Kg8 56. Rg7+ Kf8 57. Rh7 Kg8 58. Rh8+ Kf7 59. Rxe8
Kxe8 60. Be5 Bxe5 61. Kxe5 Kd7 62. Kf6 1-0

[Event "Hastings Masters 2017-18"]
[Site "Hastings ENG"]
[Date "2017.12.30"]
[Round "3.1"]
[White "Fier, Alexandr"]
[Black "Das, Arghyadip"]
[Result "1/2-1/2"]
[WhiteTitle "GM"]
[BlackTitle "IM"]
[WhiteElo "2576"]
[BlackElo "2451"]
[WhiteFideId "2107139"]
[BlackFideId "5003610"]
[EventDate "2017.12.28"]

1. c4 Nf6 2. Nc3 c5 3. Nf3 g6 4. d4 cxd4 5. Nxd4 Bg7 6. e4 O-O 7. Be2 Nc6 8. Be3
d6 9. O-O Nxd4 10. Bxd4 Be6 11. Re1 Rc8 12. b3 Qa5 13. Bf1 a6 14. a4 Bxc4 15.
bxc4 e5 16. Ba7 Qxc3 17. Rb1 Nd7 18. Rxb7 Nc5 19. Rb1 Bh6 20. Bb6 Qd2 21. a5 Rc6
22. g3 Kg7 23. Qf3 Qc2 24. Ra1 Rb8 25. Qa3 Qb3 26. Bxc5 dxc5 27. Red1 Qc2 28.
Bd3 Qb3 29. Be2 Qxa3 30. Rxa3 Rb2 31. Kf1 Bd2 32. Rda1 Rd6 33. Bg4 Bb4 34. R3a2
Rxa2 35. Rxa2 Kf8 36. Bc8 Rd2 37. Ra4 Rd8 38. Bb7 Rb8 39. Bxa6 1/2-1/2

[Event "Hastings Masters 2017-18"]
[Site "Hastings ENG"]
[Date "2017.12.30"]
[Round "3.2"]
[White "Vakhidov, Jakhongir"]
[Black "Arkell, Keith C"]
[Result "1/2-1/2"]
[WhiteTitle "GM"]
[BlackTitle "GM"]
[WhiteElo "2500"]
[BlackElo "2416"]
[WhiteFideId "14201801"]
[BlackFideId "400270"]
[EventDate "2017.12.28"]

1. c4 e5 2. g3 g6 3. Nc3 Bg7 4. Nf3 Nc6 5. d3 Nge7 6. Bg2 O-O 7. O-O d6 8. Nd2
f5 9. f4 Be6 10. Nf3 h6 11. Bd2 Nd4 12. Nh4 exf4 13. gxf4 Bf6 14. Qe1 Nc2 15.
Qg3 Bxh4 16. Qxh4 Nxa1 17. Rxa1 Kh7 18. Nb5 Rb8 19. Bc3 Rf7 20. Qf2 a6 21. Nd4
Bd7 22. Qe3 Nc6 23. Nf3 Qf8 24. Qf2 Qe7 25. Qg3 Rg7 26. Re1 Qe3+ 27. Kh1 Kg8 28.
d4 b5 29. d5 Nd8 30. Qh4 Rh7 31. Bd4 Qe7 32. Qg3 Rg7 33. e4 fxe4 34. Nd2 c5 35.
Bc3 b4 36. Bxg7 Qxg7 37. f5 Bxf5 38. Qxd6 Rc8 39. Nxe4 Nf7 40. Nf6+ Kh8 41. Qe7
Qf8 42. d6 Kg7 43. Bb7 Rb8 44. Bd5 Qxe7 45. dxe7 Kxf6 46. e8=Q Rxe8 47. Rxe8 Nd6
48. Ra8 Bc8 49. Ra7 Ke5 50. Rc7 Kd4 51. b3 Bf5 52. Rc6 Ne4 53. Rxa6 Nc3 54. Bf7
Bb1 55. a3 bxa3 56. Rxa3 Bc2 57. Ra6 Ne2 58. Kg2 Kc3 59. Kf3 Nd4+ 60. Kf2 Bxb3
61. Rxg6 Bxc4 62. Bxc4 Kxc4 63. Rxh6 Kd3 64. Rh3+ Kd2 65. Rh4 Kd3 66. Rh3+ Kd2
67. Rh8 c4 68. Rd8 Kd3 69. h4 c3 70. h5 c2 71. Rc8 Nf5 72. Rc6 Kd2 1/2-1/2

[Event "Hastings Masters 2017-18"]
[Site "Hastings ENG"]
[Date "2017.12.30"]
[Round "3.3"]
[White "Lou, Yiping"]
[Black "Stany, G.A."]
[Result "1-0"]
[WhiteTitle "IM"]
[BlackTitle "IM"]
[WhiteElo "2462"]
[BlackElo "2502"]
[WhiteFideId "8603928"]
[BlackFideId "5029104"]
[EventDate "2017.12.28"]

1. Nf3 Nf6 2. c4 b6 3. g3 Bb7 4. Bg2 e6 5. O-O Be7 6. Nc3 O-O 7. Re1 d5 8. cxd5
exd5 9. d4 Re8 10. Bf4 Bd6 11. Rc1 a6 12. Bg5 Nbd7 13. Nh4 h6 14. Bxf6 Nxf6 15.
Nf5 Bf8 16. Qb3 Qd7 17. Ne3 Rad8 18. Rc2 h5 19. Rec1 h4 20. Nb1 hxg3 21. hxg3
Rc8 22. Nd2 c5 23. Nf3 c4 24. Qxb6 Re6 25. Qa5 Rxe3 26. fxe3 Qg4 27. Qe1 Bd6 28.
Ne5 Bxe5 29. dxe5 Ne4 30. Bf3 Qg6 31. g4 Re8 32. b3 Rxe5 33. bxc4 Rh5 34. Rb2
Bc8 35. Rb8 Qg5 36. cxd5 Nd6 37. Rbxc8+ Nxc8 38. Rxc8+ Kh7 39. Qb1+ g6 40. Qe4 1-0

[Event "Hastings Masters 2017-18"]
[Site "Hastings ENG"]
[Date "2017.12.30"]
[Round "3.4"]
[White "Bates, Richard A"]
[Black "Gormally, Daniel W"]
[Result "0-1"]
[WhiteTitle "IM"]
[BlackTitle "GM"]
[WhiteElo "2378"]
[BlackElo "2477"]
[WhiteFideId "403555"]
[BlackFideId "406465"]
[EventDate "2017.12.28"]

1. d4 Nf6 2. Nf3 g6 3. g3 Bg7 4. Bg2 O-O 5. O-O d6 6. c4 c6 7. Nc3 Qa5 8. e4 e5
9. h3 Nbd7 10. Be3 exd4 11. Bxd4 Ne5 12. c5 Ne8 13. cxd6 Nxf3+ 14. Bxf3 Bxh3 15.
Re1 Rd8 16. Bxg7 Nxg7 17. e5 f6 18. exf6 Rxf6 19. Qb3+ Rf7 20. Re7 Qf5 21. Rxf7
Qxf7 22. Ne4 Ne6 23. Rd1 Rf8 24. d7 Nd8 25. g4 Qxb3 26. axb3 Rxf3 27. Ng5 Rxb3
28. Nxh3 Rxh3 29. Kg2 Rb3 30. Re1 Nf7 0-1

[Event "Hastings Masters 2017-18"]
[Site "Hastings ENG"]
[Date "2017.12.30"]
[Round "3.5"]
[White "Hebden, Mark L"]
[Black "Murphy, Conor E"]
[Result "0-1"]
[WhiteTitle "GM"]
[BlackTitle "FM"]
[WhiteElo "2445"]
[BlackElo "2313"]
[WhiteFideId "400084"]
[BlackFideId "421669"]
[EventDate "2017.12.28"]

1. d4 d5 2. c4 e6 3. Nf3 Nf6 4. Bg5 Bb4+ 5. Nc3 dxc4 6. e4 b5 7. a4 c5 8. axb5
cxd4 9. Nxd4 h6 10. Bxf6 Qxf6 11. Bxc4 O-O 12. O-O Bb7 13. Qb3 Bc5 14. Nf3 Nd7
15. Na4 Rac8 16. Rfe1 Rfd8 17. Bf1 g5 18. Nxc5 Nxc5 19. Qb4 Qf4 20. Rxa7 g4 21.
Rxb7 Nxb7 22. Nd4 Rc1 23. g3 Qg5 24. Rxc1 Qxc1 25. b6 Qb1 26. Nb5 Rd1 27. Qc4
Qxb2 28. e5 h5 29. Kg2 Qxe5 30. Nc7 Nd6 31. Qc2 Qe1 32. Qe2 Qxe2 33. Bxe2 Rb1
34. h3 Rb2 35. Bd1 gxh3+ 36. Kxh3 Rxb6 37. Bxh5 Rc6 38. Na8 Ra6 39. Bf3 Kf8 0-1

[Event "Hastings Masters 2017-18"]
[Site "Hastings ENG"]
[Date "2017.12.30"]
[Round "3.6"]
[White "Chan, Kim Yew"]
[Black "Cherniaev, Alexander"]
[Result "0-1"]
[BlackTitle "GM"]
[WhiteElo "2229"]
[BlackElo "2436"]
[WhiteFideId "5717981"]
[BlackFideId "4117301"]
[EventDate "2017.12.28"]

1. Nf3 e6 2. c4 d5 3. b3 Nf6 4. Bb2 a5 5. Nc3 Nc6 6. e3 Be7 7. Be2 O-O 8. O-O b6
9. Rc1 Bb7 10. Qc2 a4 11. Nxa4 Nb4 12. Qd1 Nxa2 13. Ra1 Nb4 14. d3 Nc6 15. Ne5
Nxe5 16. Bxe5 Nd7 17. Bb2 Bf6 18. d4 Re8 19. Bf3 Be7 20. Nc3 Nf6 21. Qc2 Qd7 22.
Rxa8 Rxa8 23. Ra1 Qc8 24. Qc1 h6 25. Rxa8 Qxa8 26. Qa1 Qxa1+ 27. Bxa1 Kf8 28.
Kf1 Ke8 29. cxd5 Nxd5 30. Nxd5 Bxd5 31. Bxd5 exd5 32. Ke2 Kd7 33. Bc3 f5 34. f3
Kc6 35. Kd3 Kb5 36. e4 fxe4+ 37. fxe4 dxe4+ 38. Kxe4 Bb4 39. Bb2 Bd6 40. d5 g6
41. Bg7 Kb4 42. Bxh6 Bxh2 43. Kf3 Be5 44. Kg4 Kxb3 45. Kg5 Kc4 46. Kxg6 Kxd5 47.
g4 b5 48. Bf8 c5 49. Kf5 b4 50. Bxc5 Kxc5 51. Kxe5 b3 52. g5 b2 53. g6 b1=Q 54.
Kf6 Qf1+ 55. Ke7 Qe2+ 56. Kf7 Qf3+ 57. Ke7 Qe4+ 58. Kf8 Qf5+ 59. Kg7 Kd6 60. Kh8
Ke7 61. g7 Qh5+ 62. Kg8 Kf6 0-1

[Event "Hastings Masters 2017-18"]
[Site "Hastings ENG"]
[Date "2017.12.30"]
[Round "3.7"]
[White "Wegerle, Joerg"]
[Black "Taylor, Adam C"]
[Result "1/2-1/2"]
[WhiteTitle "IM"]
[BlackTitle "FM"]
[WhiteElo "2421"]
[BlackElo "2242"]
[WhiteFideId "4644743"]
[BlackFideId "424668"]
[EventDate "2017.12.28"]

1. d4 f5 2. Bg5 g6 3. Nc3 Bg7 4. e4 fxe4 5. Qd2 Nf6 6. O-O-O d5 7. f3 O-O 8.
fxe4 Nxe4 9. Nxe4 dxe4 10. Bc4+ Kh8 11. Ne2 Nc6 12. Qe3 Na5 13. Bb3 Nxb3+ 14.
axb3 Bg4 15. Qxe4 Bxe2 16. Qxe2 Qd5 17. h4 h6 18. Be3 e5 19. Qd2 h5 20. dxe5
Qxd2+ 1/2-1/2

[Event "Hastings Masters 2017-18"]
[Site "Hastings ENG"]
[Date "2017.12.30"]
[Round "3.9"]
[White "Royset, Pal"]
[Black "Sengupta, Deep"]
[Result "0-1"]
[BlackTitle "GM"]
[WhiteElo "2208"]
[BlackElo "2586"]
[WhiteFideId "1501330"]
[BlackFideId "5008352"]
[EventDate "2017.12.28"]

1. d4 Nf6 2. Bg5 e6 3. e4 h6 4. Bxf6 Qxf6 5. c3 c5 6. e5 Qd8 7. Nf3 d5 8. a3 Be7
9. h4 Qb6 10. b4 cxd4 11. cxd4 a5 12. b5 a4 13. Nc3 Nd7 14. Bd3 Qa5 15. Qd2 Nb6
16. h5 Bd7 17. O-O Rc8 18. Nb1 Qxd2 19. Nfxd2 O-O 20. f4 f6 21. Ra2 Rc7 22. g4
Rfc8 23. Kg2 Rc1 24. Rf3 Be8 25. Re3 fxe5 26. Rxe5 Nc4 27. Rxe6 Kf8 28. Re2 Bxb5
29. Nf3 Nxa3 30. Bxb5 Nxb5 31. Ne5 Bd6 32. Ng6+ Kg8 33. Reb2 a3 34. Nxa3 Nxa3
35. Rxb7 R1c7 36. Rb6 Nc4 37. Rb5 Ne3+ 38. Kh3 Rc3 39. Kh4 Re8 40. Rb6 Bc7 41.
Rb7 Bd8+ 42. g5 hxg5+ 43. fxg5 Nf5+ 44. Kg4 Re4+ 45. Nf4 Rg3+ 46. Kxf5 Rxg5# 0-1

[Event "Hastings Masters 2017-18"]
[Site "Hastings ENG"]
[Date "2017.12.30"]
[Round "3.10"]
[White "Eames, Robert S"]
[Black "Lalic, Bogdan"]
[Result "0-1"]
[WhiteTitle "FM"]
[BlackTitle "GM"]
[WhiteElo "2159"]
[BlackElo "2415"]
[WhiteFideId "408743"]
[BlackFideId "409081"]
[EventDate "2017.12.28"]

1. Nf3 Nf6 2. c4 b6 3. Nc3 Bb7 4. d4 d5 5. cxd5 Nxd5 6. e3 Nxc3 7. bxc3 g6 8.
Ne5 Bg7 9. Bb5+ c6 10. Qf3 Bxe5 11. dxe5 cxb5 12. Qxb7 Nd7 13. e6 fxe6 14. O-O
Qc8 15. Qf3 Nf6 16. e4 Qc6 17. Re1 O-O 18. Ba3 Rf7 19. Rad1 Rc8 20. Rd3 Qc4 21.
Qe2 Ng4 22. Rg3 Qxe2 23. Rxe2 Rd8 24. Re1 Nxf2 25. Bxe7 Rd7 26. Ba3 Nd3 27. Rd1
Nc5 28. Rxd7 Rxd7 29. Bxc5 bxc5 30. Rg5 Rc7 31. Kf2 Kf7 32. Ke3 Kf6 33. Kf4 h6
34. e5+ Kg7 35. Rg3 g5+ 36. Ke4 Rf7 37. Rd3 Rf4+ 38. Ke3 Kg6 39. Rd7 Ra4 40. g4
Rxg4 41. Rxa7 Kf5 42. Ra5 Rh4 43. Rxb5 Rh3+ 44. Kd2 Rxh2+ 45. Kd3 Rxa2 46. Rxc5
h5 47. c4 h4 48. Rc8 h3 49. Rh8 Kxe5 0-1

[Event "Hastings Masters 2017-18"]
[Site "Hastings ENG"]
[Date "2017.12.30"]
[Round "3.11"]
[White "Snape, Ian L"]
[Black "Radovanovic, Jovica"]
[Result "0-1"]
[BlackTitle "FM"]
[WhiteElo "2152"]
[BlackElo "2320"]
[WhiteFideId "404489"]
[BlackFideId "915912"]
[EventDate "2017.12.28"]

1. e4 c5 2. Nf3 d6 3. d4 cxd4 4. Nxd4 Nf6 5. Nc3 a6 6. Bc4 e6 7. Bb3 b5 8. a3
Be7 9. O-O O-O 10. Qf3 Qb6 11. Be3 Qb7 12. Rfe1 Bd7 13. Rad1 Nc6 14. Qg3 Kh8 15.
f4 Nxd4 16. Bxd4 Bc6 17. Kh1 a5 18. a4 b4 19. Nd5 exd5 20. exd5 Be8 21. Rd3 Nh5
22. Qe3 Bf6 23. g4 Bxd4 24. Qxd4 Nf6 25. g5 Ng8 26. f5 f6 27. g6 Bd7 28. Rh3 h6
29. Qf4 Rae8 30. Re6 Bxe6 31. fxe6 Rxe6 0-1

[Event "Hastings Masters 2017-18"]
[Site "Hastings ENG"]
[Date "2017.12.30"]
[Round "3.12"]
[White "Stanisz, Patryk"]
[Black "Derakhshani, Borna"]
[Result "0-1"]
[BlackTitle "FM"]
[WhiteElo "2150"]
[BlackElo "2298"]
[WhiteFideId "1123106"]
[BlackFideId "12518450"]
[EventDate "2017.12.28"]

1. Nf3 Nf6 2. c4 e6 3. Nc3 b6 4. d4 Bb4 5. Qc2 Bb7 6. a3 Bxc3+ 7. Qxc3 d5 8.
cxd5 Ne4 9. Qc2 Bxd5 10. Nd2 f5 11. Nxe4 Bxe4 12. Qc3 Nc6 13. e3 O-O 14. Bb5 Qd6
15. f3 Bd5 16. Bd2 Na5 17. Rc1 Rf7 18. O-O Nb3 19. Rc2 Nxd2 20. Rxd2 Rc8 21. Ba6
Rd8 22. b4 c5 23. dxc5 bxc5 24. Bc4 cxb4 25. Qxb4 Qe5 26. Re1 Rfd7 27. Bxd5 Rxd5
28. Rxd5 Qxd5 29. e4 Qd4+ 30. Qxd4 Rxd4 31. exf5 exf5 32. Re3 Kf7 33. Rb3 Kf6
34. Kf1 Rd1+ 35. Ke2 Ra1 36. f4 Ra2+ 37. Kf3 Ke6 38. Rd3 a5 39. h3 a4 40. g3 h6
41. h4 Kf6 42. Rd6+ Kf7 43. Rd7+ Kg6 44. Rd3 Kh5 45. Rc3 Rb2 46. Rd3 Rb3 47. Re3
Rxe3+ 48. Kxe3 Kg4 49. Kf2 Kh3 50. Kf3 h5 51. Kf2 Kh2 52. Kf3 Kg1 0-1

[Event "Hastings Masters 2017-18"]
[Site "Hastings ENG"]
[Date "2017.12.30"]
[Round "3.13"]
[White "Mannion, Stephen R"]
[Black "Sun, Xinyue"]
[Result "1/2-1/2"]
[WhiteTitle "IM"]
[BlackTitle "WFM"]
[WhiteElo "2285"]
[BlackElo "2146"]
[WhiteFideId "2400111"]
[BlackFideId "8600813"]
[EventDate "2017.12.28"]

1. e4 c5 2. Nf3 d6 3. d4 cxd4 4. Nxd4 Nf6 5. Nc3 a6 6. f4 e5 7. Nf3 Nbd7 8. a4
Qc7 9. Bd3 Be7 10. O-O O-O 11. Kh1 Nc5 12. Qe1 Re8 13. fxe5 dxe5 14. Bg5 Be6 15.
Qg3 Nh5 16. Qh4 Nf4 17. Bxe7 Rxe7 18. Ng5 h6 19. Nxe6 fxe6 20. Bc4 Rae8 21. Rfe1
Nd7 22. Bb3 Qc5 23. Rf1 Nf6 24. Qf2 Qxf2 25. Rxf2 Rd8 26. h3 Rd4 27. Re1 h5 28.
Kh2 h4 29. g3 hxg3+ 30. Kxg3 Kf7 31. h4 Red7 32. Kf3 Rd2 33. Rxd2 Rxd2 34. Ne2
Nxe2 35. Rxe2 Rxe2 36. Kxe2 Nxe4 37. c3 Kf6 38. Bc2 Ng3+ 39. Kf3 Nf5 40. Be4 b6
41. h5 Nd6 42. b4 Kg5 43. Bg6 a5 44. Ke3 Kg4 45. Bh7 Kxh5 46. Bg8 Nc4+ 47. Ke4
Nb2 48. bxa5 bxa5 49. Kxe5 Nxa4 50. Bxe6 Nxc3 51. Kd4 Ne2+ 52. Kc4 g5 53. Bd7
Nc1 54. Kb5 Nb3 55. Kc4 Nd2+ 56. Kb5 Kg6 57. Kxa5 Kf6 58. Kb4 Ke5 59. Kc3 Ne4+
60. Kc2 Nd6 61. Kd3 Nf5 62. Ke2 g4 63. Bxf5 Kxf5 64. Kf2 Kf6 65. Kg3 Kg5 66. Kg2
Kf4 67. Kf2 g3+ 68. Kg2 1/2-1/2

[Event "Hastings Masters 2017-18"]
[Site "Hastings ENG"]
[Date "2017.12.30"]
[Round "3.14"]
[White "Woong, Zhi Wei William"]
[Black "Britton, Richard L"]
[Result "0-1"]
[WhiteTitle "CM"]
[BlackTitle "FM"]
[WhiteElo "2137"]
[BlackElo "2239"]
[WhiteFideId "5804906"]
[BlackFideId "401692"]
[EventDate "2017.12.28"]

1. e4 c5 2. Nf3 d6 3. Bb5+ Bd7 4. Bxd7+ Qxd7 5. O-O Nf6 6. Qe2 Nc6 7. c3 e6 8.
d4 cxd4 9. cxd4 d5 10. e5 Ne4 11. Be3 Be7 12. Ne1 f6 13. f3 Ng5 14. Nd3 O-O 15.
Nd2 a6 16. Bf2 f5 17. Nc5 Bxc5 18. dxc5 f4 19. Nb3 Nf7 20. Bd4 Qe7 21. Rac1 Nh6
22. Rfe1 Rf5 23. Qd2 Raf8 24. Bf2 g5 25. Nd4 R5f7 26. Nxc6 bxc6 27. b4 Rg7 28.
Kf1 g4 29. Ke2 Qg5 30. Kd3 gxf3 31. gxf3 Qh5 32. Qe2 Rf5 33. h4 Nf7 34. Bd4 Rg3
35. Rf1 Nxe5+ 36. Kc2 Qg6 37. Qxa6 Nxf3 38. Bf2 Rg2 39. Kb3 Nd2+ 40. Ka4 Nxf1
41. Rxf1 e5 42. Qc8+ 0-1

[Event "Hastings Masters 2017-18"]
[Site "Hastings ENG"]
[Date "2017.12.30"]
[Round "3.15"]
[White "Buchenau, Frank"]
[Black "White, Stuart A"]
[Result "1-0"]
[WhiteTitle "FM"]
[WhiteElo "2236"]
[BlackElo "2112"]
[WhiteFideId "4604350"]
[BlackFideId "407747"]
[EventDate "2017.12.28"]

1. e4 c5 2. Nf3 d6 3. Bb5+ Bd7 4. Bxd7+ Qxd7 5. c4 Nf6 6. Nc3 g6 7. d4 cxd4 8.
Nxd4 Bg7 9. f3 O-O 10. O-O Rc8 11. b3 d5 12. exd5 Nxd5 13. Nxd5 e6 14. Bh6 exd5
15. Bxg7 Kxg7 16. Nb5 dxc4 17. Qxd7 Nxd7 18. Nd6 Rc6 19. Nxc4 b5 20. Ne3 Nb6 21.
Rad1 a5 22. f4 Ra7 23. f5 a4 24. f6+ Rxf6 25. Rxf6 1-0

[Event "Hastings Masters 2017-18"]
[Site "Hastings ENG"]
[Date "2017.12.30"]
[Round "3.16"]
[White "Villiers, Thomas"]
[Black "Wall, Tim P"]
[Result "1/2-1/2"]
[BlackTitle "FM"]
[WhiteElo "2136"]
[BlackElo "2236"]
[WhiteFideId "427209"]
[BlackFideId "401641"]
[EventDate "2017.12.28"]

1. e4 d6 2. d4 Nf6 3. Nc3 Nbd7 4. Nf3 e5 5. Bg5 Be7 6. Bc4 O-O 7. O-O c6 8. a4
h6 9. Bh4 Nh5 10. Bxe7 Qxe7 11. Re1 Nf4 12. Ne2 Nxe2+ 13. Qxe2 Nb6 14. Bb3 Bg4
15. dxe5 dxe5 16. h3 Be6 17. a5 Nd7 18. Bxe6 Qxe6 19. Ra3 Rfd8 20. a6 b5 21. Rd1
Nc5 22. b4 Rxd1+ 23. Qxd1 Nxe4 24. Rd3 Re8 25. Rd8 Nf6 26. Rxe8+ Qxe8 27. Qd6
Nd5 28. Nxe5 Nxb4 29. c3 f6 30. cxb4 Qxe5 31. Qxc6 Qe1+ 32. Kh2 Qxf2 33. Qxb5
Qf4+ 34. Kh1 Qc1+ 35. Kh2 Qf4+ 36. Kh1 Qc1+ 37. Kh2 Qf4+ 38. Kg1 Qe3+ 39. Kf1
Qf4+ 40. Ke2 Qe4+ 41. Kd1 Qb1+ 42. Kd2 Qe4 43. Kd1 Qxg2 44. Qb8+ Kh7 45. Qxa7
Qf1+ 46. Kc2 Qf4 47. Kd1 1/2-1/2

[Event "Hastings Masters 2017-18"]
[Site "Hastings ENG"]
[Date "2017.12.30"]
[Round "3.17"]
[White "Muir, Andrew J"]
[Black "Byron, Alan M"]
[Result "0-1"]
[WhiteTitle "IM"]
[WhiteElo "2297"]
[BlackElo "2099"]
[WhiteFideId "2400138"]
[BlackFideId "401773"]
[EventDate "2017.12.28"]

1. d4 Nf6 2. c4 g6 3. Nc3 Bg7 4. e4 d6 5. f3 O-O 6. Be3 Nc6 7. Qd2 a6 8. Nge2
Bd7 9. Nc1 e5 10. d5 Nd4 11. N1e2 Nxe2 12. Bxe2 Nh5 13. O-O-O f5 14. c5 Kh8 15.
Kb1 Nf4 16. Bf1 Qe7 17. g3 Nh5 18. Be2 Rfc8 19. cxd6 cxd6 20. Bb6 Be8 21. Bd3
Qf8 22. exf5 gxf5 23. g4 fxg4 24. fxg4 Nf4 25. Bf5 Bg6 26. Bxg6 Nxg6 27. Ne4 Rc4
28. Qd3 Rac8 29. Rhe1 Nf4 30. Qa3 Nxd5 31. Rf1 Qe8 32. Rxd5 Rxe4 33. Qxd6 Rf4
34. Rxf4 exf4 35. a3 Qe4+ 36. Rd3 f3 37. Bd4 Qxd3+ 0-1

[Event "Hastings Masters 2017-18"]
[Site "Hastings ENG"]
[Date "2017.12.30"]
[Round "3.18"]
[White "Maisuradze, Nino"]
[Black "Munshi, Aditya"]
[Result "1-0"]
[WhiteTitle "WGM"]
[WhiteElo "2256"]
[BlackElo "2001"]
[WhiteFideId "13601717"]
[BlackFideId "436720"]
[EventDate "2017.12.28"]

1. d4 Nf6 2. c4 e6 3. Nf3 b6 4. a3 Bb7 5. Nc3 g6 6. Qc2 Bg7 7. e4 d6 8. h3 a6 9.
Be2 h6 10. Be3 Qe7 11. O-O Nbd7 12. b4 O-O 13. Rad1 Ne8 14. d5 e5 15. Bd3 Rc8
16. Na4 c6 17. dxc6 Bxc6 18. Nxb6 Nxb6 19. Bxb6 Qb7 20. c5 f5 21. Nd2 fxe4 22.
Bxe4 d5 23. Bxg6 e4 24. Qb3 Kh8 25. a4 d4 26. b5 axb5 27. axb5 Bd5 28. c6 Qxb6
29. Qxd5 Nf6 30. Qb3 e3 31. fxe3 dxe3 32. Nc4 Qc5 33. Nxe3 Rb8 34. Rf5 Qb6 35.
Kh1 Rbd8 36. Rc1 Rc8 37. Nc4 Qd4 38. Qe3 Qd8 39. Rcf1 Rc7 40. Ne5 Re7 41. Qc5 1-0

[Event "Hastings Masters 2017-18"]
[Site "Hastings ENG"]
[Date "2017.12.30"]
[Round "3.19"]
[White "Hewson, Brian W R"]
[Black "Pitschka, Claus"]
[Result "0-1"]
[BlackTitle "FM"]
[WhiteElo "2007"]
[BlackElo "2249"]
[WhiteFideId "437484"]
[BlackFideId "4617762"]
[EventDate "2017.12.28"]

1. d4 c5 2. d5 d6 3. c4 e5 4. e4 Be7 5. Bd3 Bg5 6. Nc3 Bxc1 7. Qxc1 Ne7 8. Nge2
O-O 9. f4 exf4 10. Nxf4 Nd7 11. O-O Ne5 12. Qd2 N7g6 13. Nxg6 hxg6 14. Be2 Bd7
15. Rf2 Qh4 16. Raf1 f6 17. Qf4 Qxf4 18. Rxf4 g5 19. R4f2 Kf7 20. Nd1 Ke7 21.
Ne3 Rh8 22. g3 Kd8 23. Rb1 Kc7 24. Nf5 Rh7 25. b4 cxb4 26. Rxb4 Bxf5 27. exf5
Re8 28. Rb2 Rhh8 29. Bf1 Nd7 30. Rfe2 Re5 31. Rxe5 Nxe5 32. Be2 Nd7 33. Kg2 Re8
34. Kf2 Re5 35. Bd3 Nc5 36. Bb1 g4 37. Re2 Rxe2+ 38. Kxe2 Nd7 39. Ke3 Ne5 40.
Kf4 Kb6 41. Bc2 Kc5 42. Bb3 Kb4 0-1

[Event "Hastings Masters 2017-18"]
[Site "Hastings ENG"]
[Date "2017.12.30"]
[Round "3.20"]
[White "Graham, David B"]
[Black "ter Steeg, Marcus"]
[Result "1-0"]
[WhiteElo "2204"]
[BlackElo "2066"]
[WhiteFideId "408131"]
[BlackFideId "24676799"]
[EventDate "2017.12.28"]

1. e4 d6 2. d4 Nf6 3. Nc3 g6 4. g3 Bg7 5. Bg2 O-O 6. Nge2 e5 7. h3 c6 8. O-O b5
9. a3 a6 10. Be3 Nbd7 11. Qd2 Qc7 12. Rad1 Re8 13. f4 Bb7 14. dxe5 dxe5 15. f5
Nb6 16. b3 Rad8 17. Qc1 c5 18. Bg5 Rxd1 19. Qxd1 b4 20. Bxf6 Bxf6 21. fxg6 Kg7
22. gxf7 Qxf7 23. axb4 cxb4 24. Qd6 bxc3 25. Qxb6 Re6 26. Qf2 Rc6 27. g4 Rc7 28.
Nxc3 Rxc3 29. g5 Rc6 30. gxf6+ Rxf6 31. Qg3+ Kf8 32. Qxe5 Rxf1+ 33. Bxf1 Qg6+
34. Bg2 Qb6+ 35. Kh2 Qc6 36. Qf5+ Kg7 37. Qg5+ Kf8 38. e5 Qc7 39. Qf6+ Kg8 40.
Qe6+ Kg7 41. Qf6+ Kg8 42. Qd6 Qc8 43. Bxb7 Qxb7 44. Qd8+ Kf7 45. Qf6+ Kg8 46. e6
Qc7+ 47. Kh1 Qc6+ 48. Kg1 Qb6+ 49. Kf1 h6 50. Qf7+ Kh8 51. e7 1-0

[Event "Hastings Masters 2017-18"]
[Site "Hastings ENG"]
[Date "2017.12.30"]
[Round "3.21"]
[White "Coote, Trevor D"]
[Black "Oyama, Akito"]
[Result "0-1"]
[WhiteElo "2104"]
[BlackElo "2185"]
[WhiteFideId "410039"]
[BlackFideId "7001630"]
[EventDate "2017.12.28"]

1. d4 Nf6 2. Nf3 e6 3. c4 b6 4. g3 Bb7 5. Bg2 Be7 6. O-O O-O 7. Nc3 Ne4 8. Nxe4
Bxe4 9. Nd2 Bxg2 10. Kxg2 d5 11. Qb3 Nc6 12. e3 Na5 13. Qc3 c5 14. dxc5 dxc4 15.
cxb6 axb6 16. e4 b5 17. a3 Nc6 18. Nf3 Bf6 19. Qc2 Nb4 20. Qd2 Nd3 21. Rb1 Qc7
22. Qe2 Rfd8 23. Bg5 Bxg5 24. Nxg5 h6 25. Nf3 Rd7 26. Rfd1 Rad8 27. Ne1 Qe5 28.
f4 Nxe1+ 29. Qxe1 Rxd1 30. Rxd1 Qxb2+ 31. Kh3 Rxd1 32. Qxd1 c3 33. Qd8+ Kh7 34.
e5 Qd2 35. Qa8 c2 36. Qe4+ g6 37. Qb7 Kg7 0-1